[Event "Heusenstamm Sparkassen op-B 6th"]
[Site "Heusenstamm"]
[Date "2019.11.23"]
[Round "5"]
[White "Alt, Johannes1111"]
[Black "Firinci, Erdem"]
[Result "1-0"]
[WhiteElo "1200"]
[BlackElo "1613"]
[PlyCount "125"]
[EventDate "2019.11.21"]
[EventType "swiss"]
[EventRounds "7"]
[EventCountry "GER"]
[SourceTitle "CBM 194 Extra"]
[Source "ChessBase"]
[SourceDate "2020.03.31"]
[SourceVersion "1"]
[SourceVersionDate "2020.03.31"]
[SourceQuality "1"]

1. d4 d5 2. c4 c6 3. Bf4 Nf6 4. e3 Bf5 5. Nf3 Bg4 6. h3 Bxf3 7. Qxf3 Qa5+ 8. Nd2 Ne4 9. Qd1 Qxd2+ 10. Qxd2 Nxd2 11. Kxd2 e6 12. cxd5 exd5 13. a3 Be7 14. Bd3 Nd7 15. b4 0-0 16. Rab1 b5 17. Rhc1 a5 18. Rxc6 axb4 19. axb4 Ra2+ 20. Ke1 Ra4 21. Bd6 Bxd6 22. Rxd6 Nf6 23. Bxb5 Ra2 24. Bc6 Ne4 25. Bxd5 Nxd6 26. Bxa2 Rc8 27. Bd5 Kf8 28. Kd2 f5 29. Ra1 Rc7 30. Rc1 Ra7 31. Rc6 Ke7 32. Rc2 Kd7 33. b5 Ne4+ 34. Bxe4 fxe4 35. b6 Ra3 36. b7 Rb3 37. Ke2 Rxb7 38. f3 exf3+ 39. gxf3 Rb6 40. Ra2 Ke7 41. Ra7+ Kf6 42. Kd3 h5 43. Ra5 g6 44. Ke4 g5 45. Kd5 Rb3 46. Ke4 Rb6 47. f4 gxf4 48. Kxf4 Kg6 49. e4 Rb3 50. Rg5+ Kh6 51. Rg3 Rb1 52. d5 Rd1 53. Kf5 h4 54. Re3 Kh5 55. Ke6 Kg5 56. Rf3 Rg1 57. d6 Rg3 58. Rxg3+ hxg3 59. d7 Kf4 60. d8Q Kxe4 61. h4 Kf3 62. Qg8 g2 63. Qxg2+ 1-0

[Event "Heusenstamm Sparkassen op-B 5th"]
[Site "Heusenstamm"]
[Date "2018.11.23"]
[Round "3"]
[White "Sallwey, Rainer"]
[Black "Firinci, Erdem"]
[Result "1/2-1/2"]
[WhiteElo "1412"]
[BlackElo "1645"]
[PlyCount "35"]
[EventDate "2018.11.22"]
[EventType "swiss"]
[EventRounds "7"]
[EventCountry "GER"]
[SourceTitle "CBM 187 Extra"]
[Source "ChessBase"]
[SourceDate "2018.11.04"]
[SourceVersion "1"]
[SourceVersionDate "2018.11.04"]
[SourceQuality "1"]

1. d4 Nf6 2. Bf4 d5 3. e3 Bf5 4. Nf3 e6 5. c3 Be7 6. Be2 0-0 7. 0-0 Nc6 8. Nbd2 Bd6 9. Bxd6 cxd6 10. Rc1 Ne4 11. c4 Qf6 12. cxd5 exd5 13. Qb3 Nxd2 14. Nxd2 Qg6 15. Bf3 Be4 16. Bxe4 dxe4 17. Qxb7 Na5 18. Qxe4 1/2-1/2

[Event "Heusenstamm Sparkassen op-A 2nd"]
[Site "Heusenstamm"]
[Date "2015.11.27"]
[Round "2"]
[White "Firinci, Erdem"]
[Black "Held, Carsten"]
[Result "0-1"]
[WhiteElo "1612"]
[BlackElo "2065"]
[PlyCount "106"]
[EventDate "2015.11.26"]
[EventType "swiss"]
[EventRounds "7"]
[EventCountry "GER"]
[SourceTitle "EXT 2018"]
[Source "ChessBase"]
[SourceDate "2017.10.13"]
[SourceVersion "1"]
[SourceVersionDate "2017.10.13"]
[SourceQuality "1"]

1. e4 g6 2. d4 Bg7 3. Nf3 c5 4. c3 cxd4 5. cxd4 d5 6. e5 Nh6 7. Be2 Bg4 8. 0-0 Nc6 9. Nc3 0-0 10. Qb3 Bxf3 11. Bxf3 e6 12. Be3 Nf5 13. Rad1 Na5 14. Qc2 Rc8 15. Bg4 Nxe3 16. fxe3 Qg5 17. Qe2 Nc4 18. Rde1 Bh6 19. Nd1 Rc7 20. g3 Rfc8 21. h4 Qe7 22. Qf2 Qb4 23. Re2 Nxe5 24. Bxe6 fxe6 25. dxe5 Rf8 26. Qe1 Qe4 27. Rxf8+ Bxf8 28. Rf2 Qxe5 29. Qf1 Qxg3+ 30. Kh1 Qxh4+ 31. Kg1 Qg5+ 32. Kh1 Qh6+ 33. Rh2 Qg7 34. Nc3 Qe5 35. Qh3 Rf7 36. Kg1 d4 37. Nd1 dxe3 38. Nxe3 Bc5 39. Re2 Qe4 40. Qg2 Rf3 41. Kh1 Rh3+ 42. Kg1 Qxg2+ 43. Kxg2 Rxe3 44. Rc2 Bb6 45. b4 Kf7 46. a4 a5 47. bxa5 Bxa5 48. Rc5 Re2+ 49. Kf3 Rf2+ 50. Ke4 Rf5 51. Rc2 g5 52. Rb2 b6 53. Rh2 Kg6 0-1

[Event "Heusenstamm Sparkassen op-A 2nd"]
[Site "Heusenstamm"]
[Date "2015.11.26"]
[Round "1"]
[White "Rutsatz, Mario"]
[Black "Firinci, Erdem"]
[Result "1/2-1/2"]
[WhiteElo "1988"]
[BlackElo "1612"]
[PlyCount "114"]
[EventDate "2015.11.26"]
[EventType "swiss"]
[EventRounds "7"]
[EventCountry "GER"]
[SourceTitle "EXT 2018"]
[Source "ChessBase"]
[SourceDate "2017.10.13"]
[SourceVersion "1"]
[SourceVersionDate "2017.10.13"]
[SourceQuality "1"]

1. d4 Nf6 2. c4 e6 3. Nf3 d5 4. Nc3 Bb4 5. a3 Bxc3+ 6. bxc3 0-0 7. cxd5 exd5 8. Bg5 Bf5 9. e3 Qd6 10. Bf4 Qc6 11. Rc1 Bg4 12. h3 Bxf3 13. gxf3 Nbd7 14. Bd3 Nb6 15. 0-0 Nc4 16. Bxc4 Qxc4 17. Bg5 Qc6 18. Qd3 Qe6 19. Kh2 Qd6+ 20. Bf4 Qxa3 21. Bxc7 Qe7 22. Bg3 Nh5 23. c4 Nxg3 24. fxg3 dxc4 25. Rxc4 Rac8 26. e4 b5 27. Rxc8 Rxc8 28. Qxb5 Qa3 29. Qe2 Qb3 30. Rf2 h6 31. Qb2 Qd3 32. Qd2 Qb3 33. Kg2 Qb6 34. Qb2 Qc7 35. d5 f6 36. Qd4 a5 37. f4 Rb8 38. d6 Qd7 39. Qd5+ Kh8 40. e5 fxe5 41. fxe5 Rb5 42. Qe4 Kg8 43. Qc4+ Kh7 44. e6 Qb7+ 45. Kh2 Rb2 46. Qd3+ Kg8 47. Qf1 Qb6 48. Rxb2 Qxb2+ 49. Kh1 Qb7+ 50. Kg1 Qb6+ 51. Kg2 Qxd6 52. Qf7+ Kh7 53. e7 Qd2+ 54. Kf3 Qd3+ 55. Kg4 Qe4+ 56. Kh5 Qe5+ 57. Kg4 Qe4+ 1/2-1/2

[Event "Heusenstamm Schloss op 1st"]
[Site "Heusenstamm"]
[Date "2014.11.22"]
[Round "4"]
[White "Firinci, Erdem"]
[Black "Baumgartl, Guenther"]
[Result "0-1"]
[WhiteElo "1633"]
[BlackElo "2060"]
[PlyCount "68"]
[EventDate "2014.11.20"]
[EventType "swiss"]
[EventRounds "7"]
[EventCountry "GER"]
[SourceTitle "CBM 163 Extra"]
[Source "ChessBase"]
[SourceDate "2014.12.23"]
[SourceVersion "1"]
[SourceVersionDate "2014.12.23"]
[SourceQuality "1"]

1. e4 c5 2. Nf3 d6 3. Nc3 g6 4. Bc4 Bg7 5. 0-0 Nc6 6. d3 Nf6 7. Nd5 e6 8. Nxf6+ Qxf6 9. c3 h6 10. Bb5 Bd7 11. Bxc6 Bxc6 12. Be3 g5 13. Nd2 e5 14. Qf3 Qe7 15. h3 0-0-0 16. c4 Rdf8 17. Nb3 b6 18. Qf5+ Kc7 19. a4 a5 20. Rfe1 Bd7 21. Qf3 h5 22. Qg3 g4 23. hxg4 hxg4 24. Bc1 Bf6 25. Qe3 Rh5 26. f4 exf4 27. Qxf4 Be5 28. Qe3 g3 29. Kf1 Bg4 30. Re2 Rh1+ 31. Qg1 Rxg1+ 32. Kxg1 Qh4 33. Re3 Qh2+ 34. Kf1 Qh1# 0-1

[Event "Karl Mala Memorial op-B 16th"]
[Site "Frankfurt"]
[Date "2013.07.12"]
[Round "2"]
[White "Firinci, Erdem"]
[Black "Jayakumar, Sharun"]
[Result "1-0"]
[WhiteElo "1340"]
[BlackElo "771"]
[PlyCount "59"]
[EventDate "2013.07.11"]
[EventType "swiss"]
[EventRounds "7"]
[EventCountry "GER"]
[SourceTitle "CBM 155 Extra"]
[Source "ChessBase"]
[SourceDate "2013.08.26"]
[SourceVersion "1"]
[SourceVersionDate "2013.08.26"]
[SourceQuality "1"]

1. e4 d6 2. d4 g6 3. Nf3 Bg7 4. Be2 Nf6 5. Nc3 Nc6 6. 0-0 0-0 7. Be3 Bd7 8. h3 e5 9. d5 Ne7 10. Re1 c6 11. dxc6 bxc6 12. Qxd6 Ne8 13. Qd2 Rb8 14. Rab1 Bc8 15. Qxd8 Nf6 16. Qxe7 Rb7 17. Qxe5 Re8 18. Qd4 Rd7 19. Qc4 Rc7 20. Bf4 Be6 21. Qd3 Rd7 22. Qe3 Nh5 23. Red1 Rxd1+ 24. Rxd1 Bf6 25. e5 Be7 26. Bg5 Bf8 27. Nd4 Bd7 28. Bxh5 gxh5 29. Bf6 c5 30. Qg5+ 1-0

[Event "Main Vogelsberg op 4th"]
[Site "Heusenstamm"]
[Date "2009.05.02"]
[Round "4"]
[White "Firinci, Erdem"]
[Black "Diehl, Mirko"]
[Result "0-1"]
[WhiteElo "1335"]
[BlackElo "1709"]
[PlyCount "70"]
[EventDate "2009.04.30"]
[EventType "swiss"]
[EventRounds "7"]
[EventCountry "GER"]
[SourceTitle "CBM 130 Extra"]
[Source "ChessBase"]
[SourceDate "2009.07.02"]
[SourceVersion "2"]
[SourceVersionDate "2009.07.15"]
[SourceQuality "1"]

1. e4 c5 2. Nf3 a6 3. Bc4 e6 4. a3 Nc6 5. Nc3 b5 6. Be2 g6 7. d4 cxd4 8. Nxd4 Bb7 9. Be3 Bg7 10. Nxc6 Bxc6 11. Bd4 Nf6 12. e5 Nd5 13. Nxd5 Bxd5 14. Bf3 Bxf3 15. Qxf3 d5 16. 0-0 0-0 17. c3 Qc7 18. Qe2 Rfb8 19. b4 a5 20. Kh1 Ra6 21. Ra2 axb4 22. cxb4 Qc4 23. Qxc4 dxc4 24. f4 Rba8 25. Rf3 Bf8 26. Bb2 Bxb4 27. g4 Bc5 28. f5 Rd8 29. fxe6 fxe6 30. a4 Rd1+ 31. Kg2 Rd2+ 32. Kh3 b4 33. Rf4 c3 34. Bxc3 Rxa2 35. Bxb4 R6xa4 0-1

[Event "Main Vogelsberg op 4th"]
[Site "Heusenstamm"]
[Date "2009.05.01"]
[Round "2"]
[White "Firinci, Erdem"]
[Black "Hillgaertner, Walter"]
[Result "0-1"]
[WhiteElo "1335"]
[BlackElo "1976"]
[PlyCount "112"]
[EventDate "2009.04.30"]
[EventType "swiss"]
[EventRounds "7"]
[EventCountry "GER"]
[SourceTitle "CBM 130 Extra"]
[Source "ChessBase"]
[SourceDate "2009.07.02"]
[SourceVersion "2"]
[SourceVersionDate "2009.07.15"]
[SourceQuality "1"]

1. e4 c5 2. Nf3 Nc6 3. d4 cxd4 4. Nxd4 g6 5. Nc3 Bg7 6. Nxc6 bxc6 7. Bd2 d6 8. Be2 Nf6 9. Rb1 0-0 10. 0-0 Qc7 11. Re1 Rb8 12. h3 Re8 13. Qc1 Nd7 14. Bg4 Ne5 15. Bxc8 Qxc8 16. Ne2 Qa6 17. a3 Nc4 18. Bc3 Bxc3 19. Nxc3 Qa5 20. Kh1 Qe5 21. Rf1 Qg7 22. Nd1 Rb7 23. b4 Reb8 24. c3 Qe5 25. f3 a5 26. Ne3 Nxe3 27. Qxe3 c5 28. f4 Qe6 29. f5 Qe5 30. fxg6 hxg6 31. Qf3 Qg7 32. Qd3 axb4 33. cxb4 cxb4 34. axb4 Rxb4 35. Rxb4 Rxb4 36. Rc1 Qd4 37. Qxd4 Rxd4 38. Re1 Kg7 39. Kh2 Kf6 40. h4 Rd3 41. g3 e6 42. Kh3 d5 43. Kg4 e5 44. Rf1+ Kg7 45. exd5 f5+ 46. Kh3 Rxd5 47. Rf3 e4 48. Rf2 Rd3 49. h5 Rd5 50. hxg6 Kxg6 51. g4 e3 52. gxf5+ Kg5 53. Re2 Kf4 54. f6 Kf3 55. Rxe3+ Kxe3 56. f7 Rf5 0-1

[Event "Main Vogelsberg op 2nd"]
[Site "Grossauheim"]
[Date "2007.06.10"]
[Round "7"]
[White "Tautz, Christian"]
[Black "Firinci, Erdem"]
[Result "1-0"]
[WhiteElo "1154"]
[BlackElo "1333"]
[PlyCount "61"]
[EventDate "2007.06.07"]
[EventType "swiss"]
[EventRounds "7"]
[EventCountry "GER"]
[SourceTitle "EXT 2008"]
[Source "ChessBase"]
[SourceDate "2007.11.25"]
[SourceVersion "1"]
[SourceVersionDate "2007.11.25"]
[SourceQuality "1"]

1. e4 c5 2. Nf3 Nc6 3. d4 cxd4 4. c3 dxc3 5. Nxc3 e5 6. Bc4 h6 7. 0-0 Nf6 8. Qe2 Bc5 9. Rd1 d6 10. Bb5 Bd7 11. Bxc6 Bxc6 12. Nxe5 0-0 13. Nxc6 bxc6 14. Na4 Qa5 15. Nxc5 Qxc5 16. Bf4 d5 17. Rac1 Qb6 18. Be3 Qb7 19. e5 Nd7 20. Bd4 Rfe8 21. f4 Rac8 22. Qg4 c5 23. e6 cxd4 24. exd7 Rcd8 25. dxe8Q+ Rxe8 26. b3 Qa6 27. f5 Qxa2 28. f6 g6 29. Rc8 Rxc8 30. Qxc8+ Kh7 31. Qf8 1-0